Encyclopedia of agricultural science / (Record no. 367259)

MARC details
000 -LEADER
fixed length control field 00926nam#a2200301#a#4500
001 - CONTROL NUMBER
control field vtls000407622
003 - CONTROL NUMBER IDENTIFIER
control field NLI
005 - DATE AND TIME OF LATEST TRANSACTION
control field 20210603110559.0
008 - FIXED-LENGTH DATA ELEMENTS--GENERAL INFORMATION
fixed length control field 110212m1994uuuucaua e 000 0 eng
020 ## - INTERNATIONAL STANDARD BOOK NUMBER
International Standard Book Number 0122266706 :
Terms of availability PND 495.00
039 #9 - LEVEL OF BIBLIOGRAPHIC CONTROL AND CODING DETAIL [OBSOLETE]
-- 201102121811
-- Vargis_01
040 ## - CATALOGING SOURCE
Original cataloging agency NLI
Language of cataloging eng
Transcribing agency Vergis_S
Description conventions AACR2
041 0# - LANGUAGE CODE
Language code of text/sound track or separate title eng
044 ## - COUNTRY OF PUBLISHING/PRODUCING ENTITY CODE
MARC country code cau
082 04 - DEWEY DECIMAL CLASSIFICATION NUMBER
Classification number 630.3
245 00 - TITLE STATEMENT
Title Encyclopedia of agricultural science /
Statement of responsibility, etc. edited by Charles J. Arntzen [and] Ellen M. Ritter
260 ## - PUBLICATION, DISTRIBUTION, ETC.
Place of publication, distribution, etc. San Diego :
Name of publisher, distributor, etc. Academic Press,
Date of publication, distribution, etc. 1994-
300 ## - PHYSICAL DESCRIPTION
Extent -v. :
Other physical details ill. ;
Dimensions 29cm.
500 ## - GENERAL NOTE
General note Library has vol.1
650 #0 - SUBJECT ADDED ENTRY--TOPICAL TERM
Topical term or geographic name entry element Agriculture
Form subdivision Encyclopedias
700 1# - ADDED ENTRY--PERSONAL NAME
Personal name Arntzen, Charles J.,
Relationship edt
9 (RLIN) 587233
700 1# - ADDED ENTRY--PERSONAL NAME
Personal name Ritter, Ellen M.,
Relationship edt
9 (RLIN) 587234
887 ## - NON-MARC INFORMATION FIELD
Content of non-MARC field
901 ## - LOCAL DATA ELEMENT A, LDA (RLIN)
a 523837
b 09.03.1995
902 ## - LOCAL DATA ELEMENT B, LDB (RLIN)
a S.T 630.3 En 3
942 ## - ADDED ENTRY ELEMENTS (KOHA)
Source of classification or shelving scheme Dewey Decimal Classification
Koha item type Books
949 ## - LOCAL PROCESSING INFORMATION (OCLC)
-- VIRTUAITEM
-- 10000
-- 100
6 PUR000523837ENG
Holdings
Withdrawn status Lost status Damaged status Not for loan Collection code Home library Current library Shelving location Date acquired Total Checkouts Full call number Barcode Date last seen Price effective from Koha item type
          National Library of India National Library of India       S.T 630.3 En 3 PUR000523837ENG 03/06/2021 03/06/2021 Books
                                                                           
web counter

Copyright ©2020 The National Library of India, Govt. of India ↔ Hosted by NVLI, MOC ↔ Technology and Design by National Library of India, Ministry of Culture, Govt. of India